| 000 | 00904cam a22002658i 4500 | ||
|---|---|---|---|
| 001 | 17882833 | ||
| 005 | 20161219103059.0 | ||
| 008 | 130911t2014 gw a frb 001 0 eng d | ||
| 020 | _a9783110306644 | ||
| 040 |
_aDLC _beng _cDLC _dDLC _dEG-ScBUE |
||
| 082 | 0 | 4 |
_a660 _222 _bPRO |
| 245 | 0 | 0 |
_aProcess integration and intensification : _bsaving energy, water and resources / _cKlemeš ... [et al.] |
| 260 |
_aBerlin ; _aBoston : _bDe Gruyter, _cc.2014. |
||
| 300 |
_axiii, 252 p. : _bill. ; _c24 cm. |
||
| 500 | _aIndex : p. [249]-252. | ||
| 504 | _aIncludes bibliographical references. | ||
| 650 | 7 |
_aChemical processes. _2BUEsh _95532 |
|
| 650 | 7 |
_aChemical industry _xEnergy conservation. _2BUEsh |
|
| 650 | 7 |
_aChemical industry _xWaste minimization. _2BUEsh |
|
| 651 | _2BUEsh | ||
| 653 |
_bENGELC _cMarch2015 |
||
| 653 |
_bENGCHE _cDecember2016 |
||
| 700 | 1 | _aKlemeš, Jiří Jaromír. | |
| 942 | _2ddc | ||
| 999 |
_c19054 _d19026 |
||